| 000 | 00733nam a22002297a 4500 | ||
|---|---|---|---|
| 001 | 77708 | ||
| 003 | BD-RjUL | ||
| 005 | 20211209083020.0 | ||
| 008 | 201229s1964 bg ||||| |||| 00| 0 ben d | ||
| 035 | _a(BD-RjUL) | ||
| 040 |
_aBD-RjUL _beng _cBD-RjUL _dBD-RjUL |
||
| 041 | _aben | ||
| 082 |
_223 _a616 _bBAM 1964 |
||
| 100 |
_aবাসেত, আবদুল _9122818 |
||
| 245 |
_aমডার্ণ মে্ডিসিন / _cআবদুল বাসেত |
||
| 250 | _a২য় সং | ||
| 260 |
_aবরিশালঃ _bফোরকান পাব, _c১৯৬৪ |
||
| 300 |
_a[১২] , ৬২৪ পৃ. ; _c২২ সেমি |
||
| 650 |
_aওষুধ _9243077 |
||
| 650 |
_aMedicine _9243078 |
||
| 942 |
_2ddc _cBK |
||
| 999 |
_c77708 _d77708 |
||